000 01773cam a22004694i 4500
003 PE-LiUPU
005 20250731173057.0
008 150623s r 000 0 d
020 _a080062758X
035 _a(Sirsi) i9780800627584
040 _aPE-LiUPU
_bspa
_cPE-LiUPU
_erda
049 _aPRUA
082 0 4 _a253.5
_bL59
_221
100 1 _aLiberman, Aaron,
_eautor.
245 1 0 _aRisk management /
_cAaron Liberman.
264 1 _aMinneapolis, MN :
_bFortress Press,
_c1993.
300 _a95 páginas ;
_c22 centímetros
336 _atext
_2rdacontent
337 _aunmediated
_2rdamedia
338 _avolume
_2rdacarrier
504 _aIncluye bibliografía.
505 0 _aEstablishing standars for quality assurance. -Maintaining clinical records. -Conducting records review. -Overseeing roles and responsabilities. -Providing emergency coverage. -Keeping in force proper insurance coverage. -Organizing an office and preparing to supervise. -requering written consent. -Observing seven professional canons.
526 _aSEG42
526 _aSEG41
526 _aSEG40
526 _aSEG39
526 _aP94
526 _aP87
526 _aP86
526 _aP85
526 _aP77
526 _aP76
526 _aP35
650 0 4 _aConsejería pastoral
_xAspectos legales
_zEstados Unidos.
700 1 _aWoodruff, Michael J.
942 _2ddc
_cBOOK
949 _a253.5 L59
_wDEWEY
_c1
_i48639
_lCCODEBUL1
_mBUL
_r0
_sY
_tBOOK
_u2015-6-24
_xTEOLOGIA
_PP35
_0COMPRA
_o.STAFF. Colección General
994 _aC0
_bPEPRU
596 _a1
999 _a253.5 L59
_wDEWEY
_c27810
_i48639
_f2021-11-10
_g5
_lCCODEBUL1
_mBUL
_r0
_sY
_tBOOK
_u2015-6-24
_xTEOLOGIA
_PP35
_0COMPRA
_o.STAFF. Colección General
_d27810
980 _81
_gALBERTO SANCHEZ Responsable de Automatización